01205nam a2200349Ia 450000500170000000800410001702000180005808200140007610000180009024500870010825000180019530000250021349000140023850000420025250500950029453400300038965000330041965000330045265000340048565000380051970000270055774000270058474000370061174000340064894200120068226400230069433600270071733700330074433800280077704000350080599900150084020220317001320.0161108s9999 sp g 000 0 spa  a978840811926504a327bC36n1 aChomsky, Noam13aEl nuevo orden mundial (y el viejo)cNoam Chomsky ; traducción de Carme Castells a1a. edición a386 páginasc19 cm aCrítica aIncluye datos biográficos del autor aPara entrar en materia -- El orden político-económico -- El gran premio de la historia tWorld Orders Old and New 142LEMBaPolítica Económica142LEMB aConflictos Culturales142LEMB aPolitica internacional142LEMB aRelaciones internacionales1 aCastells, Carme970597 aPara entrar en materia aEl orden político-económico  aEl gran premio de la historia 2ddccBK aBarcelonabAustral atextobtxt2rdacontent asin mediaciónbn2rdamedia avolumenbnc2rdacarrier aCO-BoRNBPbspaerdacCO-BoRNBP c6597d6597